Language Quiz

Random Language or Latin Quiz

Ecce Romani Ch 31 Vocab (Part 1) Quiz Stats

 Plays Quiz not verified by Sporcle

Score 0/53 Timer 07:00
0 Plays Today
% Correct
1
77.8%
known
77.8%
convīvae
66.7%
m
66.7%
guest (at a banquet)
66.7%
2
66.7%
2
66.7%
price
66.7%
2
66.7%
3
66.7%
meat
66.7%
3
66.7%
fidēlissima
66.7%
very faithful
66.7%
multa
66.7%
multum
66.7%
much; many
66.7%
nōta
66.7%
optimum
66.7%
fat
66.7%
insolent; pushy (slang)
66.7%
cachinnī
55.6%
m
55.6%
laughter
55.6%
pretiī
55.6%
n
55.6%
trīcliniī
55.6%
% Correct
n
55.6%
f
55.6%
m
55.6%
leporis
55.6%
hare
55.6%
optima
55.6%
famous
55.6%
pinguis
55.6%
procācis
55.6%
procāx
55.6%
procācis
55.6%
eadem
55.6%
the same
55.6%
ipsa
55.6%
dining room
44.4%
carnis
44.4%
nōtum
44.4%
best, very good
44.4%
procāx
44.4%
idem
44.4%
celebre
33.3%
pingue
33.3%
ipsum
33.3%
fidēlissimum
22.2%
celebris
22.2%
_____ self (intensive adj)
22.2%

You're not logged in!

Compare scores with friends on all Sporcle quizzes.
OR
Log In

Show Comments

Extras

Top Quizzes Today


Score Distribution

Your Account Isn't Verified!

In order to create a playlist on Sporcle, you need to verify the email address you used during registration. Go to your Sporcle Settings to finish the process.

Report this User

Report this user for behavior that violates our Community Guidelines.

Details: